Economic performance of public enterprises : major issues and strategies for action /

Guardat en:
Dades bibliogràfiques
Autor corporatiu: United Nations. Dept. of Technical Cooperation for Development
Format: Llibre
Idioma:English
Publicat: New York : United Nations, 1986.
Matèries:
LEADER 01215nam a2200289 a 4500
001 c000182402
003 CARM
005 20050420151812.0
008 860918s1986 nyua b i000 0 eng
019 1 |a 4782274  |5 LACONCORD2021 
020 |a 9211231035 (pbk.) 
035 |a (OCoLC)13727820  |5 LACONCORD2021 
040 |a LC  |b eng  |c LC  |d NU 
043 |a d------ 
050 0 0 |a HD4420.8  |b .E28 1986 
082 0 4 |a 338.6/2/091724  |2 19 
245 0 0 |a Economic performance of public enterprises :  |b major issues and strategies for action /  |c Department of Technical Co-operation for Development. 
260 |a New York :  |b United Nations,  |c 1986. 
300 |a vii, 264 p. :  |b ill. ;  |c 28 cm. 
500 |a "ST/TCD/SER.E/2." 
500 |a "United Nations publication sales no. E.85.II.H.4."--T.p. verso. 
504 |a Includes bibliographies. 
650 0 |a Government business enterprises  |z Developing countries. 
710 2 |a United Nations.  |b Dept. of Technical Cooperation for Development. 
852 8 |b CARM  |h A2:AN02C0  |i F00440  |p 0249418  |f BK 
999 f f |i db7cda07-3d6a-5b41-9a0e-0aee97d76091  |s deba5258-a41e-57a1-917c-425575793bd4 
952 f f |p Can circulate  |a CAVAL  |b CAVAL  |c CAVAL  |d CARM 1 Store  |e F00440  |f A2:AN02C0  |h Other scheme  |i book  |m 0249418